| 000 | 00381nam a2200145Ia 4500 | ||
|---|---|---|---|
| 008 | 230917s9999||||xx |||||||||||||| ||und|| | ||
| 040 |
_e217970 _aMAIN |
||
| 041 | _aEnglish | ||
| 082 | _a791.430954 A15R | ||
| 100 | _aAgarwal, Prahlad | ||
| 245 | 0 | _aRaj Kapoor: Aadhi haqiqat aadha fasana | |
| 260 |
_aNew Delhi _bRajkamal Prakashan _c2007 |
||
| 300 | _aix, 263 p. | ||
| 942 | _cBK | ||
| 999 |
_c165910 _d165910 |
||